Sếp khó vẫn thừa sức đối phó

Nội dung sách này đưa ra chín kiểu sếp và các tình huống khác nhau, có thể giúp các bạn hình dung ra môi trường và những mẫu người ở chốn công sở,từ đó tìm được cách ứng xử phù hợp trong mỗi tình huống...

ver descrição completa

Na minha lista:
Detalhes bibliográficos
Autor principal: Lâm Tú Uyển
Outros Autores: Phương Linh (Dịch)
Formato: Livro
Idioma:Vietnamese
Publicado em: H. Thanh niên 2020
Assuntos:
Tags: Adicionar Tag
Sem tags, seja o primeiro a adicionar uma tag!
Thư viện lưu trữ: Thư viện Trường Đại học Nam Cần Thơ
LEADER 01104nam a22002057a 4500
001 NCT_150680
008 230602b xxu||||| |||| 00| 0 vie d
999 |c 7787  |d 7787 
020 |a 9786049784439  |c 90000 
082 0 4 |2 23rd ed.  |a 158.7  |b U527 
100 1 |a Lâm Tú Uyển 
245 1 0 |a Sếp khó vẫn thừa sức đối phó  |c Lâm Tú Uyển ; Phương Linh (dịch) 
260 |a H.  |b Thanh niên  |c 2020 
300 |a 207 tr.  |b minh họa  |c 23cm 
520 3 |a Nội dung sách này đưa ra chín kiểu sếp và các tình huống khác nhau, có thể giúp các bạn hình dung ra môi trường và những mẫu người ở chốn công sở,từ đó tìm được cách ứng xử phù hợp trong mỗi tình huống 
653 |a Tham khảo 
700 1 |a Phương Linh  |e Dịch 
942 |2 ddc  |c BK 
952 |0 0  |1 0  |2 ddc  |4 0  |6 158_700000000000000_U527  |7 0  |9 27776  |a 000001  |b 000001  |d 2023-06-02  |o 158.7 U527  |p TK.03396  |r 2023-06-02  |v 90000.00  |w 2023-06-02  |y BK 
980 |a Thư viện Trường Đại học Nam Cần Thơ